National Anthem of Palestine - "Fidāʾī (فدائي)" - Statistics

General Stats
  • This quiz has been taken 3 times
  • The average score is 6 of 56
Answer Stats
Answer % Correct
Fidā'iyy,
100%
Fidā'iyy,
67%
Fidā'iyy,
67%
'arḍa
33%
'arḍī,
33%
Fidā'iyy,
33%
Fidā'iyy,
33%
Fidā'iyy,
33%
ša'ba
33%
ša'bī
33%
33%
33%
33%
33%
'abartu
0%
'abartu
0%
arḍa
0%
arḍī
0%
ṯārī,
0%
Bi-'azmī
0%
dammī
0%
Fidā'iyy,
0%
Fidā'iyy,
0%
Fidā'iyy,
0%
Fidā'iyy,
0%
Fidā'iyy,
0%
Fidā'iyy,
0%
l-ḥudūd.
0%
l-ḥudūd.
0%
li-'arḍī
0%
l-jibāla
0%
l-jibāla
0%
l-judud.
0%
l-judud.
0%
l-muḥāla
0%
l-muḥāla
0%
l-xulūd.
0%
l-xulud.
0%
n-niḍāla,
0%
n-niḍāla,
0%
qahartu
0%
qahartu
0%
ṣa'adtu
0%
Ṣa'adtu
0%
ša'ba
0%
ša'bī
0%
wa-'ašwāqi
0%
wa-burkāni
0%
wa-dārī,
0%
wa-nārī
0%
wa-xuḍtu
0%
wa-xuḍtu
0%
0%
0%
0%
0%
No matching quizzes found
Score Distribution
Percent of People with Each Score
Percentile by Number Answered
Your Score History
You have not taken this quiz